| 000 | 00485cam a2200181ua 4500 | ||
|---|---|---|---|
| 020 | _a0 8039 7285 7 | ||
| 041 |
_aeng _h |
||
| 082 |
_a300.1 _bHAG/BA |
||
| 100 | _aHagle , Timothy M . | ||
| 245 |
_aBasic maths for social scientists: problems and solutions / _cTimothy M Hagle. _hTextual Documents |
||
| 250 |
_a1 / _b. |
||
| 260 |
_aNew Delhi : _bSage Publications , _c1996. |
||
| 300 | _a102 ; . | ||
| 500 | _a**Reference | ||
| 504 | _a | ||
| 942 | _cBK | ||
| 999 |
_c8137 _d8137 |
||